Estudio sobre planta de tratamiento de aguas negras, Urbanización La Aurora
Uloženo v:
| Hlavní autor: | |
|---|---|
| Médium: | Neznámo |
| Vydáno: |
[San José : Costa Rica]
1982
|
| Témata: | |
| Tagy: |
Přidat tag
Žádné tagy, Buďte první, kdo vytvoří štítek k tomuto záznamu!
|
MARC
| LEADER | 00000 a2200000 4500 | ||
|---|---|---|---|
| 003 | 001793 | ||
| 005 | 20221231143749.0 | ||
| 008 | 140114s1982 cr a m 000 ||s d | ||
| 040 | |c cru CEDI | ||
| 090 | |a TFG 1213 | ||
| 100 | |a Barboza Ramírez, María |9 15526 | ||
| 245 | |a Estudio sobre planta de tratamiento de aguas negras, Urbanización La Aurora | ||
| 260 | |c 1982 |a [San José : Costa Rica] | ||
| 300 | |a [61] hojas : ilustraciones (algunas plegables) ; 28 cm | ||
| 500 | |a Proyecto de graduación (licenciatura en ingeniería civil)--Universidad de Costa Rica. Facultad de Ingeniería Escuela de Ingeniería Civil | ||
| 650 | |x DISPOSICION DE AGUAS RESIDUALES - URBANIZACION LA AURORA (HEREDIA, COSTA RICA) |x PURIFICACION DE AGUAS RESIDUALES |9 15527 | ||
| 942 | |c TFG | ||
| 999 | |c 11450 |d 11450 | ||
